Manual of Sanskrit phonetics : (Record no. 52796)

MARC details
000 -LEADER
fixed length control field 00622nam a2200193Ia 4500
005 - DATE AND TIME OF LATEST TRANSACTION
control field 20260429112203.0
008 - FIXED-LENGTH DATA ELEMENTS--GENERAL INFORMATION
fixed length control field 260429s9999||||xx |||||||||||||| ||und||
020 ## - INTERNATIONAL STANDARD BOOK NUMBER
International Standard Book Number 9789355273536
041 ## - LANGUAGE CODE
Language English
082 ## - DEWEY DECIMAL CLASSIFICATION NUMBER
Classification number 491.2
Item number UHL
100 ## - MAIN ENTRY--PERSONAL NAME
Personal name Unlenbeck, C. C.
245 #0 - TITLE STATEMENT
Title Manual of Sanskrit phonetics :
Remainder of title in comparison with the Indo-Germanic mother-language, for students of Germanic and classical philology /
Statement of responsibility, etc C. C. Unlenbeck
250 ## - EDITION STATEMENT
Edition statement 1st ed.
260 ## - PUBLICATION, DISTRIBUTION, ETC. (IMPRINT)
Place of publication, distribution, etc Chennai :
Name of publisher, distributor, etc Maven Books,
Date of publication, distribution, etc 2023.
300 ## - PHYSICAL DESCRIPTION
Extent xii, 115 p.; pbk
650 ## - SUBJECT ADDED ENTRY--TOPICAL TERM
Topical term or geographic name as entry element Historical linguistics
650 ## - SUBJECT ADDED ENTRY--TOPICAL TERM
Topical term or geographic name as entry element Sanskrit phonetics
942 ## - ADDED ENTRY ELEMENTS (KOHA)
Koha item type Text Books
Holdings
Withdrawn status Lost status Damaged status Not for loan Collection code Home library Location Shelving location Date of Cataloging Source of acquisition Total Checkouts Full call number Barcode Date last seen Price effective from Koha item type
        Non-fiction CUTN Central Library CUTN Central Library Languages 29/04/2026 Tamilnadu Book House, Chennai - Invoice No. IN/73 on 17-02-2026   491.2 UHL 57915 29/04/2026 29/04/2026 Text Books